Teorie náhodných procesů a její aplikace v radiotechnice

Na minha lista:
Detalhes bibliográficos
Autor principal: Levin, Boris Ruvimovič (Author)
Formato: Livro
Idioma:tcheco
Publicado em: Praha : SNTL, 1965
Edição:1. vyd.
Tags: Adicionar Tag
Sem tags, seja o primeiro a adicionar uma tag!

MARC

LEADER 00000nam a22000003a 4500
001 stu51231
005 20150617225705.5
008 991208s1965----cs------------------cze-d
040 |a STU  |b slo 
041 0 |a cze 
044 |a cs 
080 |a 519.217 
080 |a 621.396 
100 1 |a Levin, Boris Ruvimovič  |4 aut 
245 1 |a Teorie náhodných procesů a její aplikace v radiotechnice 
250 |a 1. vyd. 
260 |a Praha :  |b SNTL,  |c 1965 
300 |a 568 s 
996 |b 284EK01776  |c E*10777  |l EE01  |s A  |a 24  |w stu51231_0001